000 00548nam a22001937a 4500
003 OSt
008 251203b |||||||| |||| 00| 0 eng d
082 _a633.339951
_bB51F
100 _aBharti, Premlata
245 _aField Evaluation of Some Insecticides and Bio-Products Against Gram Pod Borer (Helicoverpa armigera Hub.) in Chickpea in Bihar
260 _a.- Pusa, Samastipur
_b: RAU
_c, 2012
300 _a28p.
650 _aEntomology
650 _aChickpea
650 _aBihar
650 _aThesis
650 _aM. Sc.
942 _2ddc
_cT
999 _c49288
_d49288